000 00636nam a2200229 a 4500
005 20210219153320.0
008 991125n 000 0 spa u
035 _aUPN01000091035
100 _aMORA, Luisa
222 _aEDUCACION Y BIBLIOTECA :
_bREVISTA MENSUAL DE DOCUMENTACION Y RECURSOS DIDACTICOS
245 _aLas otras culturas en el libro infantil
260 _aMadrid, España
300 _a38-41
362 _a1994 No. 51, nov.
653 0 _aCULTURA
653 0 _aESPAÑA
653 0 _aINMIGRACION
653 0 _aLITERATURA INFANTIL
653 0 _aLITERATURA JUVENIL
904 _aAC
_b028846
905 _aArticulo
999 _c73871
_d73871